000 00745nam a22002057a 4500
005 20250407104747.0
008 250117b ||||| |||| 00| 0 eng d
020 _a9789392192227
040 _cAL
041 _aKannada
082 _223
_aK894.4
_bVENE
100 _aVenkatesh Machakanur
_9207702
100 _b ವೆಂಕಟೇಶ ಮಾಚಕನೂರ
_9207703
245 _aEka Aneka: Iduvaregina Lalita Prabandhagalu
_bಏಕ ಅನೇಕ : ಇದುವರೆಗಿನ ಲಲಿತ ಪ್ರಬಂಧಗಳು
260 _aDharwad
_bManohara Grantha Mala
_c2024
300 _axv,458 p.
_bPB
_c21.5x14 cm.
365 _aBLCR-000067
_b₹520.00
_c
_d₹650.00
_e20%
_f13-01-2025
650 _aKannada Prose
_9193817
942 _2ddc
_cBK
999 _c233650
_d233650